Deutsche Namen polnischer Ortschaften - Statistiken

Allgemein
  • Dieses Quiz wurde 78 mal gespielt
  • Das Durchschnittsergebnis liegt bei 37 aus 96
Antwortstatistiken
Hint Antwort % Korrekt
Gdańsk Danzig
94%
Szczecin Stettin
92%
Warszawa Warschau
89%
Wrocław Breslau
87%
Kraków Krakau
85%
Poznań Posen
84%
Gliwice Gleiwitz
74%
Kołobrzeg Kolberg
74%
Opole Oppeln
74%
Gdynia Gdingen
73%
Olsztyn Allenstein
69%
Świnoujście Swinemünde
69%
Toruń Thorn
69%
Malbork Marienburg
68%
Bydgoszcz Bromberg
66%
Elbląg Elbing
66%
Katovice Katowitz
66%
Koszalin Köslin
63%
Legnica Liegnitz
63%
Zielona Góra Grünberg in Schlesien
61%
Starogard Gdański Preußisch Stargard
61%
Sopot Zoppot
61%
Bytom Odrzański Beuthen an der Oder
58%
Kostrzyn nad Odrą Küstrin
58%
Gorzów Wielkopolski Landsberg
58%
Racibórz Ratibor
58%
Hel Hela
56%
Słupsk Stolp
56%
Szczecinek Neustettin
55%
Piła Schneidemühl
55%
Lębork Lauenburg in Pommern
53%
Tarnów Tarnau
53%
Kwidzyn Marienwerder
48%
Kłodzko Glatz
45%
Ostróda Osterode in Ostpreußen
45%
Bielsko-Biała Bielitz-Biala
44%
Chojna Königsberg in der Neumark
44%
Częstochowa Tschenstochau
44%
Wałcz Deutsch Krone
42%
Jelenia Góra Hirschberg
42%
Oświęcim Auschwitz
40%
Iława Deutsch Eylau
40%
Głogów Glogau
39%
Płock Plock
39%
Suwałki Suwalken
37%
Gniezno Gnesen
35%
Grudziądz Graudenz
35%
Gryfino Greifenhagen
35%
Kalisz Kalisch
35%
Pisz Johannisburg
34%
Pasłęk Preußisch Holland
34%
Brzeg Brieg
31%
Jastrzębie-Zdrój Bad Königsdorff-Jastrzemb
29%
Inowrocław Hohensalza
29%
Chełmno Kulm
29%
Łomża Lomscha
26%
Nowy Sącz Neu Sandez
26%
Rzeszów Resche
26%
Nowy Targ Neumarkt
24%
Rzepin Reppen
24%
Sandomierz Sandomir
24%
Bartoszyce Bartenstein
23%
Kamień Pomorski Cammin in Pommern
23%
Tczew Dirschau
23%
Puck Putzig
23%
Trzebiatów Treptow an der Rega
23%
Bolesławiec Bunzlau
21%
Giżycko Lötzen
21%
Mikołajki Nikolaiken
21%
Jawor Jauer
19%
Leszno Lissa
19%
Sejny Seine
19%
Oborniki Obornik
18%
Świebodzin Schwiebus
18%
Trzebnica Trebnitz
18%
Olecko Marggrabowa
16%
Nidzica Neidenburg
16%
Darłowo Rügenwalde
16%
Działdowo Soldau
16%
Ciechanów Zechenau
16%
Lidzbark Warmiński Heilsberg
15%
Kamienna Góra Landeshut in Schlesien
15%
Ostrołęka Ostrolenka
15%
Czarnków Czarnikau
13%
Drawsko Pomorskie Dramburg
13%
Myślenice Mischlenitz
13%
Mrągowo Sensburg
13%
Sępopol Schippenbeil
10%
Sulęcin Zielenzig
8%
Międzychód Birnbaum
6%
Rajgród Raygrod
6%
Białystok Bjelostock
5%
Wieliczka Groß Salze
5%
Trzcianka Schönlanke
5%
Myślibórz Soldin
5%
Wieleń Filehne
3%
Keine übereinstimmenden Quizze gefunden
Verteilung der Resultate
Anzahl Personen mit jedem Resultat
Perzentil nach korrekt beantworteten Fragen
Ihre Resultats-Entwicklung
Sie haben dieses Quiz noch nicht gespielt